000 00362 a2200097 4500
245 0 0 _aStabilistory - Pomiar współczynnika temperaturowego napięcia stabilizacji aUZ PN-75/T-01504 ark.64 /
_cMin. Przem. Maszynowego.
246 1 3 _aPN-75/T-01504 ark.64
246 1 3 _a621.385.2
260 _aWarszawa :
_bMin. Przem. Maszynowego,
_c1975.
300 _a1 stron ;
_c30 cm.
650 _aPolska norma
999 _c21075
_d21075